Normal view
MARC view
Entry Topical Term
001 - CONTROL NUMBER
- control field: 7055
003 - CONTROL NUMBER IDENTIFIER
- control field: HDC
005 - DATE AND TIME OF LATEST TRANSACTION
- control field: 20230624073240.0
008 - FIXED-LENGTH DATA ELEMENTS
- fixed length control field: 210124|| aca||aabn | a|a d
040 ## - CATALOGING SOURCE
- Original cataloging agency: HDC
- Transcribing agency: HDC
150 ## - HEADING--TOPICAL TERM
- Topical term or geographic name entry element: Critical Factor
670 ## - SOURCE DATA FOUND
- Source citation: Work cat.: (HDC): Adam Mohd Saifudin, author 1678, Exploring in Setting a Model for Islamic Supply Chain in Malaysia /, 2017
